000 00662nam a2200265Ia 4500
001 16453
003 GE_BSU
008 181216s||||||||xx |||||||||||||| ||und||
020 _a9781471500220
040 _cGE_BSU
080 _a811.111(076)
100 _aEvans Virginia,Jenny Dooley
245 _aPrime Time 4. Workbook &Grammar Book
245 _bWorkbook &Grammar Book
260 _aNewbury
260 _bExpress publishing
260 _c2012
300 _a160p,ill,30cm
541 _h24gel.93t.
653 _agrammar
653 _aPrime Time 4
653 _aგრამატიკა
653 _aინგლისური
942 _cBK
999 _c49524
_d49524